Half life games - Statistics

General Stats
  • This quiz has been taken 7 times
  • The average score is 10 of 14
Answer Stats
Year Game % Correct
1998 Half-Life
100%
2004 Half-Life 2
100%
2020 Half-Life: Alyx
100%
2001 Half-Life: Blue Shift
100%
2006 Half-Life 2: Episode One
80%
2007 Half-Life 2: Episode Two
80%
1999 Half-Life: Opposing Force
80%
2004 Half-Life 2: Deathmatch
60%
2001 Half-Life: Decay
60%
2004 Half-Life: Source
60%
1999 Half-Life Uplink
60%
2005 Half-Life 2: Lost Coast
40%
1998 Half-Life Day One
20%
2006 Half-Life Deathmatch: Source
20%
No matching quizzes found
Score Distribution
Percent of People with Each Score
Percentile by Number Answered
Your Score History
You have not taken this quiz